000 00822cam a2200217 i 4500
005 20260202093412.0
008 250721s2019 ua gr 000 0 ara d
020 _a9789777362436
041 1 _aara
_heng
082 1 4 _a193
_bن ي ت
100 1 _aنيتشة، فريدريك
_eمؤلف.
240 1 0 _a thus spoke zarathustra Abook for all and none
245 1 0 _aهكذا تكلم زرادشت /
_cفريدريك نيتشه ؛ ترجمة أسامة عبد الرحمن.
264 3 1 _aالقاهرة :
_bالدار الذهبية للطبع و النشر و التوزيع،
_c2019.
300 _a344 صفحة.
650 1 7 _aالفلسفة الالمانية.
650 1 7 _aالزرادشتية.
700 1 _aعبدالرحمن، اسامة
_eمترجم.
942 _2ddc
_cBK
999 _c141802
_d141802